Trends in Southeast Asia / (رقم التسجيلة. 154149)

تفاصيل مارك
000 -LEADER
fixed length control field 01481cas a2200385 a 4500
005 - DATE AND TIME OF LATEST TRANSACTION
control field 20240211191957.0
008 - FIXED-LENGTH DATA ELEMENTS--GENERAL INFORMATION
fixed length control field 760426c19719999si x m 0 a0eng c
010 ## - LIBRARY OF CONGRESS CONTROL NUMBER
LC control number sn 85021996
Canceled/invalid LC control number 2005347588
022 ## - INTERNATIONAL STANDARD SERIAL NUMBER
International Standard Serial Number 0219-3213
ISSN-L 0219-3213
035 ## - SYSTEM CONTROL NUMBER
System control number (OCoLC)ocm02140094
040 ## - CATALOGING SOURCE
Original cataloging agency YUS
Language of cataloging eng
Transcribing agency YUS
Modifying agency MUL
-- IUL
-- OCL
-- DLC
-- OCLCQ
-- DLC
-- OCLCQ
-- NLGGC
-- OCLCQ
-- DLC
-- OCLCF
-- DLC
-- OCLCO
-- OCL
-- CLU
-- OCLCQ
042 ## - AUTHENTICATION CODE
Authentication code pcc
043 ## - GEOGRAPHIC AREA CODE
Geographic area code as-----
050 00 - LIBRARY OF CONGRESS CALL NUMBER
Classification number DS526.7
Item number .T74
082 04 - DEWEY DECIMAL CLASSIFICATION NUMBER
Classification number 959.008
245 00 - TITLE STATEMENT
Title Trends in Southeast Asia /
Statement of responsibility, etc. Institute of Southeast Asian Studies.
260 ## - PUBLICATION, DISTRIBUTION, ETC.
Place of publication, distribution, etc. Singapore :
Name of publisher, distributor, etc. Institute of Southeast Asian Studies,
Date of publication, distribution, etc. 1971-
300 ## - PHYSICAL DESCRIPTION
Extent volumes ;
Dimensions 27-32 cm
310 ## - CURRENT PUBLICATION FREQUENCY
Current publication frequency Irregular
362 0# - DATES OF PUBLICATION AND/OR SEQUENTIAL DESIGNATION
Dates of publication and/or sequential designation No. 1 (Jan. 1971)- ; [new ser.], no. 1-
500 ## - GENERAL NOTE
General note Issues also carry a distinctive title.
500 ## - GENERAL NOTE
General note Title from cover.
648 #7 - SUBJECT ADDED ENTRY--CHRONOLOGICAL TERM
Chronological term Since 1945
Source of heading or term fast
650 #7 - SUBJECT ADDED ENTRY--TOPICAL TERM
Topical term or geographic name entry element Economic history.
Source of heading or term fast(OCoLC)fst00901974
650 #7 - SUBJECT ADDED ENTRY--TOPICAL TERM
Topical term or geographic name entry element Politics and government
Source of heading or term fast(OCoLC)fst01919741
650 17 - SUBJECT ADDED ENTRY--TOPICAL TERM
Topical term or geographic name entry element Economische politiek.
Source of heading or term gtt
651 #0 - SUBJECT ADDED ENTRY--GEOGRAPHIC NAME
Geographic name Southeast Asia
General subdivision Economic conditions.
651 #0 - SUBJECT ADDED ENTRY--GEOGRAPHIC NAME
Geographic name Southeast Asia
General subdivision Politics and government
Chronological subdivision 1945-
651 #7 - SUBJECT ADDED ENTRY--GEOGRAPHIC NAME
Geographic name Southeast Asia.
Source of heading or term fast0(OCoLC)fst01240499
710 2# - ADDED ENTRY--CORPORATE NAME
Corporate name or jurisdiction name as entry element Institute of Southeast Asian Studies.
776 08 - ADDITIONAL PHYSICAL FORM ENTRY
Relationship information Online version:
Title Trends in Southeast Asia
Record control number (OCoLC)615340914
905 ## - LOCAL DATA ELEMENT E, LDE (RLIN)
Cataloger abeer
Reviser Cat.
942 ## - ADDED ENTRY ELEMENTS (KOHA)
Source of classification or shelving scheme Dewey Decimal Classification
Koha item type Books
المقتنيات
Source of classification or shelving scheme Not for loan Home library Current library Date acquired Full call number Date last seen Koha item type
Dewey Decimal Classification   المكتبة المركزبة الجديدة - جامعة القاهرة قاعة الثقاقات الاجنبية - الدور الثالث 11.02.2024 959.008 T7946 23.09.2023 Continuing Resources
Cairo University Libraries Portal Implemented & Customized by: Eng. M. Mohamady Contacts: new-lib@cl.cu.edu.eg | cnul@cl.cu.edu.eg
CUCL logo CNUL logo
© All rights reserved — Cairo University Libraries
CUCL logo
Implemented & Customized by: Eng. M. Mohamady Contact: new-lib@cl.cu.edu.eg © All rights reserved — New Central Library
CNUL logo
Implemented & Customized by: Eng. M. Mohamady Contact: cnul@cl.cu.edu.eg © All rights reserved — Cairo National University Library